000 00573nmm a2200193Ia 4500
008 251105s9999||||xx |||||||||||||||||und||
020 _a9789587387339
041 _aspa
100 _aMormann, Thomas
245 0 _aEl empirismo lógico :
_b Textos básicos
264 _a[Bogotá, Colombia] :
_bUniversidad del Rosario,
_c2016
300 _a583 páginas
490 _aTextos de Ciencias Humanas
650 _aPhilosophy, Ethics
700 _aMormann, Thomas
700 1 _a Peláez, Álvaro
856 _uhttps://public.digitaliapublishing.com/a/60970
942 _cCF
999 _c69081
_d69081